| 000 | 00944nam a22001697a 4500 | ||
|---|---|---|---|
| 008 | 110623t xxu||||| |||| 00| 0 eng d | ||
| 010 | _aHCCSF94 | ||
| 245 | _aThe High Court Civil Suit No 1519 of 1999. Tradimpex (U) Ltd Vs Chris Serunkuma and another. | ||
| 260 | _c1999 | ||
| 500 | _aBefore the Hon Lady Justice M.S Arach Amoko | ||
| 999 |
_c3702 _d3702 |
||